000 00403nam a2200169Ia 4500
008 220531s9999 xx 000 0 und d
041 _aeng
082 _bELL
100 _aElliott ,a.
_956863
245 _aContemporary Social Theory
260 _aPune
_bRoutledge
_c2009
300 _a375
542 _d04-02-2012
650 _aSociology
_956864
906 _d2011-2012
999 _c32744
_d32744